000 01136nam a22002657a 4500
005 20170124103126.0
010 _aA-760868
020 _c120.00
035 _aA-760868
037 _bCen Lib/Ret
040 _aDPL
_bHN
082 _a362.196998
_bअग्रवा
100 _aअग्रवाल, महावीर
_983239
245 _aकुष्ठ और सामाजिक चेतना /
_cमहावीर अग्रवाल
246 _aKusth aur samajik chetana /
_bby Mahavir Agrawal
260 _aकसरिडीह-दुर्ग
_bश्री प्रकाशन
_c1995
270 _aएच.24/7 सिविल लाइन
_bकसरिडीह-दुर्ग
_e491001
300 _a154पृ.
_c20सेमी(सजिल्द)
500 _aअनुक्रमणिका शामिल
650 _aकुष्ठ रोग--बदलते आयाम
_983240
650 _aकुष्ठ रोग
_983241
650 _aLeprosy--Changing Dimensions
_983242
650 _aLeprosy
_934107
942 _2ddc
_cHN
_h362.196998
_mअग्रवा
999 _c119077
_d119077